000 00356nam a22001217a 4500
999 _c9929
_d9929
003 OSt
008 201217b ||||| |||| 00| 0 eng d
245 _aInternational Journal of Rural Management
250 _a2010(Apr Vol.6 No.1, Oct Vol.6 No.2) 2011(Apr-Oct Vol.7 No.1-2)
260 _aNew Delhi
_bSAGE Publications
650 _aManagement
942 _2ddc
_cBV